<?xml version="1.0" encoding="UTF-8"?>
<collection xmlns="http://www.loc.gov/MARC21/slim">
 <record>
  <leader>01454nam a2200217Ia 4500</leader>
  <controlfield tag="001">TDMU_19039</controlfield>
  <controlfield tag="008">210410s9999    xx            000 0 und d</controlfield>
  <datafield tag="082" ind1=" " ind2=" ">
   <subfield code="a">853</subfield>
  </datafield>
  <datafield tag="090" ind1=" " ind2=" ">
   <subfield code="b">A104</subfield>
  </datafield>
  <datafield tag="100" ind1=" " ind2=" ">
   <subfield code="a">De Amicis, Edmondo</subfield>
  </datafield>
  <datafield tag="245" ind1=" " ind2="0">
   <subfield code="a">Những tấm lòng cao cả</subfield>
  </datafield>
  <datafield tag="245" ind1=" " ind2="0">
   <subfield code="c">Edmondo De Amicis; Hoàng Thiếu Sơn dịch</subfield>
  </datafield>
  <datafield tag="260" ind1=" " ind2=" ">
   <subfield code="a">H.</subfield>
  </datafield>
  <datafield tag="260" ind1=" " ind2=" ">
   <subfield code="b">Văn học</subfield>
  </datafield>
  <datafield tag="260" ind1=" " ind2=" ">
   <subfield code="c">2009</subfield>
  </datafield>
  <datafield tag="300" ind1=" " ind2=" ">
   <subfield code="a">315tr.</subfield>
  </datafield>
  <datafield tag="520" ind1=" " ind2=" ">
   <subfield code="a">Tác phẩm được viết theo hình thức nhật ký của Enrico Bottini, một cậu học trò 10 tuổi. Cốt truyện diễn ra theo thứ tự thời gian xuyên suốt năm lớp 3 của Enrico. Ở đó Enrico đã được tiếp xúc với những cậu bé đủ mọi tính cách như Garone, De Rossi,  Votini ...Xen kẽ vào cuốn nhật kí của cậu bé Enrico là các truyện đọc hàng tháng (thầy giáo yêu cầu học sinh chép để đọc cho cả lớp), đây là những câu chuyện kể về tấm gương những thiếu niên dũng cảm của nước Ý.</subfield>
  </datafield>
  <datafield tag="650" ind1=" " ind2=" ">
   <subfield code="a">Văn học Italia</subfield>
   <subfield code="v">Tiểu thuyết; Tiểu thuyết Italia; Tiểu thuyết dành cho thiếu nhi</subfield>
  </datafield>
  <datafield tag="700" ind1=" " ind2=" ">
   <subfield code="a">Hoàng, Thiếu Sơn</subfield>
  </datafield>
  <datafield tag="856" ind1=" " ind2=" ">
   <subfield code="u">http://lrc.tdmu.edu.vn/opac/search/detail.asp?aID=2&amp;ID=19039</subfield>
  </datafield>
  <datafield tag="980" ind1=" " ind2=" ">
   <subfield code="a">Trung tâm Học liệu Trường Đại học Thủ Dầu Một</subfield>
  </datafield>
 </record>
</collection>
